000 00712cam a2200205 4500
001 WB3613-03
008 000000n2000 000 0 eng u
035 _a(Sirsi) u105138
245 _aConstruction research
260 _c2000
490 _aDETR News Release
_v(237) 28 March 2000 (3)
520 _aGovernment has awarded £6.6m to the construction sector to support shared-cost construction research projects over the next three years. The funding is provided by the Partners in Innovation (PII) scheme.
590 _aWB
650 _aCONSTRUCTION RESEARCH
650 _aPARTNERS IN INNOVATION
650 _aCONSTRUCTION INDUSTRY
650 _aFUNDING
690 _aBUILT ENVIRONMENT
942 _n0
999 _c63046
_d63046